Biden or Trump? - Statistics

General Stats
  • This quiz has been taken 102 times
  • The average score is 11 of 15
Answer Stats
Question Answer % Correct
Democrat Biden
100%
Born in Scranton, PA Biden
100%
Senator of Delaware for 35-36 years Biden
100%
Stricter Immigration Enforcement Trump
100%
Slogan "We will MAGA" Trump
100%
He started his Presidency right after the first Black President Trump
100%
Robinette as middle name Biden
88%
75+ Years Old Both
88%
Cheated in the 2020 Election Neither
63%
Multiple Wives over lifetime Both
50%
Lower Housing Prices Trump
50%
Lower Unemployment Rate Biden
38%
Lower Gas Prices Trump
38%
Better Stock Growth Biden
25%
Lower Inflation Trump
25%
No matching quizzes found
Score Distribution
Percent of People with Each Score
Percentile by Number Answered
Your Score History
You have not taken this quiz